Statistics for South Asia in 1947 on a Map

Click here to take the quiz!

General Stats

  • This quiz has been taken 1,639 times
  • The average score is 31 of 225

Answers on the Map

Answers color-coded by a green-red scale on the quiz's map according to % correct below.
 

Answer Stats

Polity% Correct
Nepal
93%
Pal Lahara
93%
Bhutan
92%
Bengal Presidency
86%
Delhi Province
75%
Bombay Presidency
73%
Jammu and Kashmir
72%
Baudh
67%
Goa (Portugal)
65%
Punjab Province
60%
Hyderabad
56%
Madras Presidency
56%
Raigarh
50%
United Provinces
50%
Rajgarh
49%
Rajkot
49%
Assam Province
47%
Gwalior
46%
Tharad
46%
Sikkim
44%
Baluchistan Province
43%
Central Provinces and Berar
41%
Jaora
40%
Sind Province
40%
Daman (Portugal)
39%
Eastern Province
38%
Andaman and Nicobar Islands
37%
Jaipur
37%
Kothi
36%
Pondicherry (France)
36%
Cooch Behar
35%
Khandpara
34%
Orissa Province
33%
Western Province
33%
Mysore
32%
Northwest Frontier Agency
32%
Ranpur
32%
Bihar Province
31%
Northern Province
31%
Southern Province
29%
Central Province
27%
Khasi States
27%
Manipur
27%
Jambughoda
24%
Dhar
23%
Tripura
23%
Indore
21%
Jodhpur
21%
Cochin
20%
Garhwal
20%
Northwestern Province
20%
Bhopal
19%
Ramdurg
19%
Rampur
19%
Athgarh
18%
Chander-Nagore (France)
18%
Hindol
17%
Maihar
17%
Nagar
17%
Travancore
17%
Diu (Portugal)
16%
Udaipur (Rajputana)
15%
Ajmer-Merwara Province
14%
Benares
14%
Baroda
13%
Chitral
13%
Khyber
13%
Kohistan
13%
Kutch
13%
Patna
13%
Chota Udaipur
11%
Gilgit Agency
11%
Jaisalmer
11%
Kolhapur
11%
Udaipur (Eastern States)
11%
Gangpur
10%
Las Bela
10%
Bikaner
9%
Junagadh
9%
Kalat
9%
North Central Province
9%
Kotah
8%
Mahe (France)
8%
Patiala
8%
Sandur
8%
Uva Province
8%
Bahawalpur
7%
Dewas
7%
Gondal
7%
Gwadar (Oman)
7%
Khairagarh
7%
Khairpur
7%
Swat
7%
Vijayanagar
7%
Coorg Province
6%
Dujana
6%
Jhalawar
6%
Magurbhanj
6%
Makrai
6%
Porbandar
6%
Yanam (France)
6%
Aundh
5%
Bastar
5%
Bhor
5%
Hunza
5%
Karaikal (France)
5%
Kharan
5%
Palitana
5%
Tonk
5%
Alirajpur
4%
Alwar
4%
Bharatpur
4%
Bhavnagar
4%
Bijawar
4%
Bilaspur
4%
Chamba
4%
Dholpur
4%
Dir
4%
Faridkot
4%
Jhabua
4%
Kapurthala
4%
Korea
4%
Nabha
4%
Nagod
4%
Navanagar
4%
North Waziristan
4%
Rairakhol
4%
Sabaragamuwa Province
4%
Sangli
4%
Sonepur
4%
South Waziristan
4%
Akalkot
3%
Athmalik
3%
Banganapalle
3%
Bansda
3%
Bonai
3%
Bundi
3%
Dang
3%
Dhrangadhra
3%
Dungarpur
3%
Hazara
3%
Idar
3%
Janjira
3%
Jashpur
3%
Jind
3%
Kalahandi
3%
Malerkotla
3%
Mandi
3%
Marri-Bugti County
3%
Morvi
3%
Panna
3%
Panth-Piploda Province
3%
Phaltan
3%
Pudukottai
3%
Rewah
3%
Sanjeda Mehvassi
3%
Sant
3%
Savanur
3%
Sirohi
3%
Suket
3%
Ajaigarh
2%
Amjhera
2%
Balasinor
2%
Bamra
2%
Banswara
2%
Baoni
2%
Baramba
2%
Barannda
2%
Bariya
2%
Barwani
2%
Bashahr
2%
Beri
2%
Cambay
2%
Changbakar
2%
Charkhari
2%
Chhatarpur
2%
Chhuikadan
2%
Danta
2%
Daspalla
2%
Datia
2%
Dharampur
2%
Dhenkanal
2%
Jamkhandi
2%
Jath
2%
Jawhar
2%
Kanker
2%
Karauli
2%
Kawardha
2%
Keonjhar
2%
Khaniadhana
2%
Kharsawan
2%
Khilchipur
2%
Kishangarh
2%
Kurram
2%
Kurundwad
2%
Kushalgarh
2%
Limbdi
2%
Loharu
2%
Lunavada
2%
Miraj
2%
Mudhol
2%
Nandgaon
2%
Narsinghghar
2%
Narsinghpur
2%
Nayagarh
2%
Nilgiri
2%
Orchha
2%
Palanpur
2%
Partabgarh
2%
Radhanpur
2%
Rajpipla
2%
Ratlam
2%
Sakti
2%
Samthar
2%
Saraikhela
2%
Sarangarh
2%
Sarila
2%
Savantvadi
2%
Sirmur
2%
Surgana
2%
Surguja
2%
Talcher
2%
Tigiria
2%
Wankaner
2%
Balsinor
1%

Score Distribution

Percentile by Number Answered

Percent of People with Each Score

Your Score History

You have not taken this quiz